Action Theory and Communication Research : Recent Developments in Europe /
Compilación de las 22 ponencias que se presentaron y discutieron en el Segundo Coloquio Internacional sobre Aproximaciones de Teoría de la Acción en la Investigación de la Comunicación en Europa. Algunos son informes sobre investigaciones empíricas, otros son reflexiones acerca de la teoría, sin emb...
Αποθηκεύτηκε σε:
| Συγγραφή απο Οργανισμό/Αρχή: | |
|---|---|
| Άλλοι συγγραφείς: | |
| Μορφή: | Πρακτικό Συνεδρίου Βιβλίο |
| Γλώσσα: | Αγγλικά |
| Έκδοση: |
Berlín, Alemania :
Mounton de Gruyter,
2004, c2004
|
| Σειρά: | (Mounton Textbook. Communications Monograph ;
3) |
| Θέματα: | |
| Ετικέτες: |
Δεν υπάρχουν, Καταχωρήστε ετικέτα πρώτοι!
|
MARC
| LEADER | 00000nam^a2200000^a^4500 | ||
|---|---|---|---|
| 001 | 000182916 | ||
| 005 | 20250521000000.0 | ||
| 009 | 20260310102024.242 | ||
| 020 | |a 3-11-018081-2 | ||
| 037 | |a Acervo ITESO - Biblioteca | ||
| 041 | |a ING | ||
| 082 | |a 302. 207 |b COL 2001 | ||
| 111 | |a International Colloquium on Action Theoretical Approaches in Eurpean Communication Research ( |n 2º |d 2001 : |c Berlín, Alemania) | ||
| 245 | 1 | 0 | |a Action Theory and Communication Research : |b Recent Developments in Europe / |c Ed. K. Renckstrof... [et al.]. |
| 264 | 4 | |a Berlín, Alemania : |b Mounton de Gruyter, |c 2004, c2004 | |
| 300 | |a X, 376 p. | ||
| 336 | |a texto |b txt |2 rdacontenido | ||
| 337 | |a sin mediación |b n |2 rdamedio | ||
| 338 | |a volumen |b nc |2 rdasoporte | ||
| 440 | 1 | |a (Mounton Textbook. |p Communications Monograph ; |v 3) | |
| 520 | |a Compilación de las 22 ponencias que se presentaron y discutieron en el Segundo Coloquio Internacional sobre Aproximaciones de Teoría de la Acción en la Investigación de la Comunicación en Europa. Algunos son informes sobre investigaciones empíricas, otros son reflexiones acerca de la teoría, sin embargo, todos en conjunto ofrecen luz sobre el impacto de los medios de comunicación en la vida contidiana de las sociedades occidentales, al mismo tiempo que contribuyen al entendimiento de la comunicación masiva en la sociedad contemporánea. | ||
| 649 | |a XX | ||
| 650 | |a Noticieros | ||
| 650 | |a Periodismo - |x Prácticas Profesionales | ||
| 650 | |a Televisión - |x Investigación | ||
| 650 | |a Páginas en Línea - |x Aspectos Sociales y Culturales | ||
| 650 | |a Internet - |x Aspectos Sociales y Culturales | ||
| 650 | |a Tecnologías de Comunicación e Información - |x Aspectos Sociales y Culturales | ||
| 650 | |a Recepción y Apropiación de la Comunicación | ||
| 650 | |a Público | ||
| 650 | |a Mediación de la Comunicación | ||
| 650 | |a Cosmovisión | ||
| 650 | |a Prácticas Culturales - |z Europa | ||
| 650 | |a Interacción Social - |z Europa | ||
| 650 | |a Redes Sociales - |z Europa | ||
| 650 | |a Comunicación Masiva - |z Europa - |x Investigación | ||
| 650 | |a Comunicación - |x Teoría | ||
| 650 | |a Comunicación - |x Investigación | ||
| 650 | |a Sociología de la Cultura | ||
| 650 | |a Sociología de la Comunicación - |x Congresos - |x Tema Principal | ||
| 700 | |a Renckstorf, Karsten |e (edición) | ||
| 910 | |a Fondo General | ||
| 920 | |a Impresos - Libros | ||
| 930 | |a Colección General | ||
| 905 | |a 101 | ||
| 901 | |a 0500123095 |b IT1 |c ACC |u 20250521 | ||
| 902 | |a https://opac.biblio.iteso.mx/vufind/Record/000182916 | ||